| 000 | 02281nam0a2200373 4500 | ||
|---|---|---|---|
| 001 | RU\NLR\BIBL_A\022008995 | ||
| 005 | 20230926154235.0 | ||
| 021 |
_aRU _bКН-П-23-045077 _9КН-П-23-4512 |
||
| 035 | _a(NLR Aleph) 022008995 | ||
| 035 | _a(RuMoRGB)011939319 | ||
| 090 |
_a12478027 _c12478027 |
||
| 100 | _a20230822d2023 u y0rusy50 ca | ||
| 101 | 0 | _arus | |
| 102 | _aRU | ||
| 105 | _ay z 000zy | ||
| 181 | 0 |
_ai _baxxe |
|
| 182 | 0 | _an | |
| 200 | 1 |
_aИнформационное противодействие современным террористическим угрозам _eучебно-методическое пособие _fпрофессор, доктор юридических наук, доцент, полковник полиции Мешалкин С. Н., полковник полиции Кашкин О. И., преподаватель, полковник полиции Проскурин И. М. [и др.] _gМВД России, Всероссийский институт повышения квалификации сотрудников МВД России |
|
| 203 |
_aТекст _bвизуальный _cнепосредственный |
||
| 210 |
_aДомодедово, Московская обл. _cВИПК МВД России _d2023 |
||
| 215 |
_a28 с. _d21 |
||
| 300 | _aАвт. указаны на обороте тит. с. | ||
| 320 | _aБиблиогр.: с. 25-28 (33 назв.) | ||
| 606 | 1 |
_aТерроризм _jУчебно-методические пособия _xБорьба с ним _xВзаимодействие правоохранительных органов _yСтраны СНГ _92088784 _3RU\NLR\AUTH\661568051 |
|
| 686 | 1 | _aХ628.9(2)322.111.13я7 | |
| 701 | 1 |
_aМешалкин _bС. Н. _gСергей Николаевич |
|
| 701 | 1 |
_aКашкин _bО. И. _gОлег Игоревич |
|
| 701 | 1 |
_aПроскурин _bИ. М. _gИван Михайлович |
|
| 712 | 0 | 2 |
_4475 _aВсероссийский институт повышения квалификации сотрудников МВД России _cДомодедово _9827570 _3RU\NLR\AUTH\880580958 |
| 942 | _cBOOK | ||
| 980 | _aNB | ||